Rapport sur les pecheries d'Egypte /

Saved in:

Main Author: Faouzi, Hussein (1900-1988). (Auteur.)

Format: Book

Language: French

Published: Le Caire : Direction des recherches des pecheries, 1933.

Subjects:

Tags: Add Tag

No Tags, Be the first to tag this record!

Call Number: SH313 A33 1936

LEADER 00628nam a2200193Mi 4500
001 on1252716689
003 OCoLC
005 20240221002602.0
008 210525s1933uuuufr a 100 0 fre d
050 4 |a SH313  |b A33 1936 
100 1 |a Faouzi, Hussein  |d (1900-1988).  |e Auteur. 
245 1 0 |a Rapport sur les pecheries d'Egypte /  |c par Hussein Faouzi,.... 
264 1 |a Le Caire :  |b Direction des recherches des pecheries,  |c 1933. 
300 |a 1 vol. (119 p.) :  |b ill. ;  |c 28 cm. 
336 |a text  |b txt  |2 rdacontent 
337 |a unmediated  |b n  |2 rdamedia 
338 |a volume  |b nc  |2 rdacarrier 
650 0 |a Aquatic biology   |z Egypt  
999 |c 56938  |d 56938